[Event "Bad. Jug-EM 2018 U14"]
[Site "Karlsruhe-Durlach"]
[Date "2018.01.04"]
[Round "4.2"]
[White "Dobrikov, Marco"]
[Black "Do, Nam"]
[Result "1-0"]
[WhiteElo "2042"]
[BlackElo "1823"]
[PlyCount "67"]
[EventDate "2018.??.??"]
[WhiteTeam "SV Hockenheim"]
[BlackTeam "SK Sandhausen"]

1. e4 e5 2. Nf3 Nc6 3. Bc4 Bc5 4. O-O Nf6 5. d3 h6 6. Nbd2 O-O 7. h3 a6 8. c3
d6 9. Bb3 Be6 10. Re1 Ba7 11. Nf1 Qd7 12. Ng3 Rfe8 13. Bc2 Ne7 14. d4 exd4 15.
cxd4 d5 16. e5 Nh7 17. Nh4 Rac8 18. f4 f5 19. Be3 Rf8 20. Kh2 c6 21. Qd3 Rf7
22. Ne2 Kf8 23. g4 Ke8 24. Ng3 g6 25. Nxg6 Nxg6 26. gxf5 Ngf8 27. fxe6 Qxe6 28.
f5 Qe7 29. f6 Qd7 30. Bxh6 Kd8 31. Qd1 Kc7 32. Bf4 Ne6 33. Qg4 Re8 34. Nh5 1-0

[Event "Bad. Jug-EM 2018 U14"]
[Site "Karlsruhe-Durlach"]
[Date "2018.01.04"]
[Round "4.3"]
[White "Straub, Benno"]
[Black "Koll, Linus"]
[Result "0-1"]
[WhiteElo "1492"]
[BlackElo "1856"]
[PlyCount "72"]
[EventDate "2018.??.??"]
[WhiteTeam "FSF 1887 Zähringen"]
[BlackTeam "Karlsruher SF"]

1. e4 c5 2. c3 Nf6 3. e5 Nd5 4. d4 cxd4 5. cxd4 e6 6. Nf3 Nc6 7. Bd2 d6 8. Bb5
Bd7 9. Nc3 dxe5 10. Bxc6 Bxc6 11. Nxe5 Nxc3 12. Bxc3 Qd5 13. f3 Bd6 14. O-O O-O
15. Re1 Rfd8 16. Qe2 b5 17. a3 a5 18. Nxc6 Qxc6 19. Qe4 Qxe4 20. Rxe4 b4 21.
axb4 axb4 22. Rxa8 Rxa8 23. Be1 Kf8 24. Bg3 Be7 25. b3 Ra2 26. Kf1 Rd2 27. Be1
Rd3 28. Re5 Rxb3 29. Rb5 f6 30. Rb6 Kf7 31. Rb7 Rb2 32. g4 g5 33. Bf2 Ke8 34.
Rb8+ Kd7 35. Rh8 b3 36. Rxh7 Ra2 0-1

[Event "Bad. Jug-EM 2018 U14"]
[Site "Karlsruhe-Durlach"]
[Date "2018.01.04"]
[Round "4.4"]
[White "Kokowski, Kevin"]
[Black "Spillner, Ladis"]
[Result "1-0"]
[WhiteElo "1525"]
[BlackElo "1413"]
[PlyCount "121"]
[EventDate "2018.??.??"]
[WhiteTeam "SV Walldorf"]
[BlackTeam "FSF 1887 Zähringen"]

1. e4 c6 2. d4 d5 3. exd5 cxd5 4. Bf4 e6 5. Nf3 Nc6 6. a3 a6 7. Nbd2 Bd6 8. Bg3
Nge7 9. Nb3 O-O 10. Bd3 Ng6 11. O-O Nf4 12. Bxf4 Bxf4 13. Re1 Bd7 14. c3 Ne7
15. Ne5 Bxe5 16. Rxe5 Ng6 17. Qh5 Qf6 18. Re3 h6 19. Rf3 Qg5 20. Qxg5 hxg5 21.
Bxg6 fxg6 22. Re3 b6 23. Nd2 Rf5 24. Nf3 Raf8 25. Rae1 R8f6 26. R1e2 Bb5 27.
Re1 g4 28. a4 Bd7 29. Ne5 Bc8 30. Nxg4 Rf8 31. Ne5 R8f6 32. Nc6 Kf8 33. f3 Bd7
34. Nb8 Bc8 35. a5 b5 36. Nc6 Bd7 37. Nb4 Bc8 38. Nd3 Ke7 39. Kf2 Rh5 40. h3
Rh8 41. Ne5 g5 42. Ng4 Rg6 43. Re5 Kd6 44. b3 Bb7 45. Ne3 Rc8 46. Rc1 Rc7 47.
Kg3 Bc8 48. Kg4 Bd7 49. Kh5 Be8 50. Nxd5 Rh6+ 51. Kxg5 Rh5+ 52. Kg4 Rxe5 53.
Nxc7 Bh5+ 54. Kh4 Rf5 55. Nxa6 Be8 56. Nc5 Bc6 57. a6 Rf7 58. Kg5 Rf5+ 59. Kg6
Be8+ 60. Kh7 Rh5+ 61. Kg8 1-0

[Event "Bad. Jug-EM 2018 U14"]
[Site "Karlsruhe-Durlach"]
[Date "2018.01.04"]
[Round "4.5"]
[White "Schmitt, Daniel"]
[Black "Kuschminder, Paul"]
[Result "1/2-1/2"]
[WhiteElo "1371"]
[BlackElo "1359"]
[PlyCount "68"]
[EventDate "2018.??.??"]
[WhiteTeam "SK Ottenau"]
[BlackTeam "SK Gaienhofen"]

1. e4 c5 2. Nf3 e6 3. d4 cxd4 4. Nxd4 Nf6 5. f3 Nc6 6. Nb5 d5 7. exd5 exd5 8.
Bf4 Bb4+ 9. c3 Ba5 10. Be2 O-O 11. O-O a6 12. Nd4 Nxd4 13. cxd4 Re8 14. Nc3 Bf5
15. Bd3 Bxd3 16. Qxd3 Bc7 17. Bxc7 Qxc7 18. Rac1 Rac8 19. Nxd5 Qxc1 20. Nxf6+
gxf6 21. Rxc1 Rxc1+ 22. Kf2 Rc7 23. Qf5 Re6 24. h4 Rd7 25. Qg4+ Kf8 26. h5 Rd5
27. Qf4 Rxh5 28. Qb8+ Kg7 29. Qxb7 Rb5 30. Qc8 Rxb2+ 31. Kg3 Rxa2 32. d5 Rd6
33. Qg4+ Kf8 34. Qc8+ Kg7 1/2-1/2

[Event "Bad. Jug-EM 2018 U14"]
[Site "Karlsruhe-Durlach"]
[Date "2018.01.04"]
[Round "4.6"]
[White "Wunsch, Louis"]
[Black "Hardt, Anton"]
[Result "0-1"]
[WhiteElo "1007"]
[BlackElo "1723"]
[PlyCount "96"]
[EventDate "2018.??.??"]
[WhiteTeam "SG Kuppenheim"]
[BlackTeam "SK Mannheim-Lindenhof"]

1. e4 d6 2. d4 Nf6 3. Nc3 g6 4. h3 Bg7 5. Nf3 O-O 6. Bc4 Nxe4 7. Nxe4 d5 8.
Bxd5 Qxd5 9. Nc3 Qd8 10. O-O c6 11. Ne4 Qc7 12. c3 Nd7 13. Qe2 e5 14. Be3 Nf6
15. Bh6 Nxe4 16. Bxg7 Kxg7 17. Qxe4 exd4 18. Qxd4+ f6 19. Rfe1 Qd8 20. Qb4 Rf7
21. Nd4 Qd5 22. Rad1 c5 23. Ne6+ Qxe6 24. Rxe6 cxb4 25. Re8 bxc3 26. bxc3 Bg4
27. Rxa8 Bxd1 28. Rxa7 b5 29. Ra5 Be2 30. a4 bxa4 31. Rxa4 Rc7 32. Re4 Bd3 33.
Rd4 Rxc3 34. h4 f5 35. f3 Bc2 36. Rd2 Kh6 37. f4 Kh5 38. Rd7 h6 39. Rg7 Be4 40.
Kf2 Rc2+ 41. Kg3 Rxg2+ 42. Kh3 Rg4 43. Rxg6 Kxg6 44. h5+ Kxh5 45. Kh2 Rxf4 46.
Kh3 Rf3+ 47. Kh2 Kg4 48. Kg1 Kg3 0-1

[Event "Bad. Jug-EM 2018 U14"]
[Site "Karlsruhe-Durlach"]
[Date "2018.01.04"]
[Round "4.8"]
[White "Rögner, Lars"]
[Black "Lohrmann, Linus"]
[Result "1-0"]
[WhiteElo "1243"]
[BlackElo "1151"]
[PlyCount "163"]
[EventDate "2018.??.??"]
[WhiteTeam "BG Buchen"]
[BlackTeam "SC Waldkirch"]

1. e4 e5 2. Nf3 Nc6 3. Bc4 Bc5 4. d3 Nf6 5. Bg5 O-O 6. Nc3 d6 7. h3 h6 8. Bh4
Be6 9. Bd5 a6 10. O-O Re8 11. a3 Qd7 12. Bxf6 gxf6 13. Qd2 Kg7 14. Nh2 Rg8 15.
Bxe6 Qxe6 16. Ng4 Kf8 17. Nd5 Bb6 18. Qxh6+ Rg7 19. Ngxf6 Ne7 20. Nxe7 Kxe7 21.
Nd5+ Kf8 22. Qxe6 fxe6 23. Nxb6 cxb6 24. f4 Ke7 25. f5 exf5 26. exf5 Rf7 27.
Rf3 Rc8 28. c3 a5 29. Re1 b5 30. d4 Kf6 31. dxe5+ dxe5 32. Rd1 e4 33. Rf4 Ke5
34. g3 Rc4 35. Re1 Rg7 36. Kf2 b4 37. axb4 axb4 38. Rc1 bxc3 39. Rxc3 Rxc3 40.
bxc3 e3+ 41. Kf3 e2 42. Re4+ Kxf5 43. Rxe2 Rc7 44. g4+ Kg5 45. Re3 Rh7 46. Kg3
Rf7 47. h4+ Kg6 48. Rf3 Rd7 49. h5+ Kh6 50. Kh4 Rd5 51. g5+ Kg7 52. h6+ Kg6 53.
Rf6+ Kh7 54. Kh5 b5 55. Rf7+ Kg8 56. Kg6 Rxg5+ 57. Kxg5 Kxf7 58. Kf5 Kg8 59.
Ke5 Kh7 60. Kd5 Kxh6 61. Kc5 Kg6 62. Kxb5 Kf6 63. Kc5 Ke5 64. Kc6 Ke6 65. c4
Ke7 66. Kc7 Ke8 67. c5 Ke7 68. Kc8 Ke6 69. c6 Kd6 70. Kb7 Kc5 71. c7 Kd6 72.
c8=Q Kd5 73. Qc3 Kd6 74. Qc4 Kd7 75. Qd5+ Ke7 76. Kc7 Kf6 77. Kd7 Kg7 78. Qe6
Kf8 79. Qe7+ Kg8 80. Ke6 Kh8 81. Kf6 Kg8 82. Qg7# 1-0

[Event "Bad. Jug-EM 2018 U14"]
[Site "Karlsruhe-Durlach"]
[Date "2018.01.04"]
[Round "4.9"]
[White "Lauterbach, Kolja"]
[Black "Ruf, David"]
[Result "1-0"]
[WhiteElo "1517"]
[BlackElo "1143"]
[PlyCount "67"]
[EventDate "2018.??.??"]
[WhiteTeam "FSF 1887 Zähringen"]
[BlackTeam "SC Ersingen"]

1. e4 c5 2. c3 Nc6 3. d4 cxd4 4. cxd4 Nf6 5. Nc3 e6 6. Nf3 Be7 7. Bd3 O-O 8. e5
Nd5 9. Nxd5 exd5 10. O-O b6 11. Qb3 Nb4 12. Bb1 Bb7 13. a3 Na6 14. Qd3 g6 15.
Bh6 Re8 16. Qe3 Nc7 17. Ba2 d6 18. Rac1 Rc8 19. Rfd1 Qd7 20. h3 f6 21. Qf4 dxe5
22. dxe5 fxe5 23. Nxe5 Bd6 24. Nxd7 Bxf4 25. Bxf4 Ne6 26. Nf6+ Kf7 27. Nxe8
Rxe8 28. Bg3 Kf8 29. Bxd5 Ba6 30. Bd6+ Kg7 31. Re1 Kf6 32. Bxe6 Rxe6 33. Rxe6+
Kxe6 34. Bg3 1-0